[Event "POHÁR města Říčany 2021"]
[Site "Městské kulturní středisko U labutě"]
[Date "2021.08.22"]
[Round "3.24"]
[White "Rucabado, Stefan"]
[Black "Chval, Zdenek"]
[Result "1/2-1/2"]
[WhiteElo "1549"]
[BlackElo "1846"]
[PlyCount "0"]
[EventDate "2021.08.21"]

1. e4 c5 2. Nf3 d6 3. d4 cxd4 4. Nxd4 Nf6 5. Nc3 a6 6. Bg5 e6 7. f4 Nbd7 8. Qf3
Qc7 9. O-O-O b5 10. e5 Bb7 11. Qh3 dxe5 12. Nxe6 Qb6 13. Nxf8 Nxf8 14. fxe5 Ne4
15. Nxe4 Bxe4 16. Bd3 Bxd3 17. Rxd3 Qg6 18. Be3 Ne6 19. Rhd1 O-O 20. Kb1 Rac8
21. Qf3 Rfe8 22. h4 Nc5 23. Rd6 Qe4 24. Bxc5 Qxf3 25. gxf3 Rxc5 26. f4 Rc4
27. R1d4 Rxd4 28. Rxd4 f6 29. Re4 Kf7 30. Kc1 Kg6 31. Kd2 Kf5 32. Kd3 fxe5
33. Rxe5+ Rxe5 34. fxe5 Kxe5 35. c4 bxc4+ 36. Kxc4 g6 37. b4 h6 38. a4 g5 39. b5
axb5+ 40. axb5 Kd6 1/2-1/2

[Event "POHÁR města Říčany 2021"]
[Site "Městské kulturní středisko U labutě"]
[Date "2021.08.22"]
[Round "3.25"]
[White "Hrbek, Tomas"]
[Black "Pisar, Tomas"]
[Result "1/2-1/2"]
[WhiteElo "1833"]
[BlackElo "1528"]
[PlyCount "0"]
[EventDate "2021.08.21"]

1. d4 Nf6 2. c4 g6 3. Nc3 d5 4. cxd5 Nxd5 5. Bd2 Bg7 6. e4 Nb6 7. Be3 O-O
8. Nf3 Nc6 9. Be2 Na5 10. O-O Nac4 11. Qb3 Nxe3 12. fxe3 Bh6 13. Nb1 c6 14. Nbd2
Be6 1/2-1/2

[Event "1-0"]
[Site "Městské kulturní středisko U labutě"]
[Date "2021.08.22"]
[Round "3.26"]
[White "Ruzicka, Filip"]
[Black "Zvolensky, David"]
[Result "1-0"]
[WhiteElo "1783"]
[BlackElo "2136"]
[PlyCount "0"]
[EventDate "2021.08.21"]

1. e4 e5 2. Nf3 Nc6 3. d4 exd4 4. c3 d5 5. exd5 Qxd5 6. cxd4 Bg4 7. Be2 Bb4+
8. Nc3 Bxf3 9. Bxf3 Qc4 10. Qb3 Qxb3 11. axb3 Nge7 12. O-O Nxd4 13. Bxb7 Rb8
14. Rxa7 Bc5 15. Ra8 O-O 16. Rxb8 Rxb8 17. Be4 Rxb3 18. Rd1 g6 19. Kf1 Kg7
20. Nd5 Nxd5 21. Bxd5 Rb4 22. Bd2 Rb8 23. Bc3 Rd8 24. b4 Bb6 25. Bxd4+ Bxd4
26. Rxd4 c6 27. b5 cxd5 28. b6 Kf6 29. b7 Ke5 30. Rb4 Rb8 31. Ke2 Kd6 32. Kd3
Kc5 33. Rb2 f5 34. f4 d4 35. g3 Kd5 36. Rb4 Kc5 37. Rc4+ Kb5 38. Rc7 Kb6
39. Rxh7 Rd8 1-0

[Event "POHÁR města Říčany 2021"]
[Site "Městské kulturní středisko U labutě"]
[Date "2021.08.22"]
[Round "3.27"]
[White "Blumel, Otto"]
[Black "Vit, Zdenek"]
[Result "1-0"]
[WhiteElo "1965"]
[BlackElo "1726"]
[PlyCount "0"]
[EventDate "2021.08.21"]

1. e4 e5 2. Nf3 Nc6 3. Bc4 Bc5 4. O-O Nf6 5. d4 exd4 6. e5 d5 7. Bb5 Ne4
8. Nxd4 Bd7 9. Bxc6 bxc6 10. Be3 O-O 11. Nd2 Nxd2 12. Qxd2 Be7 13. Nb3 a6 14. f4
g6 15. f5 Bxf5 16. Rxf5 gxf5 17. Nd4 Qd7 18. Rf1 Bc5 19. Nxf5 Bxe3+ 20. Qxe3 Qe6
21. Qg5+ 1-0

[Event "POHÁR města Říčany 2021"]
[Site "Městské kulturní středisko U labutě"]
[Date "2021.08.22"]
[Round "3.28"]
[White "Svetly, Jiri"]
[Black "Holub, Adam"]
[Result "0-1"]
[WhiteElo "1852"]
[BlackElo "1754"]
[PlyCount "0"]
[EventDate "2021.08.21"]

1. d4 d5 2. c4 c5 3. Nc3 Nf6 4. Nf3 e6 5. Bg5 Be7 6. e3 b6 7. Bh4 Nbd7 8. Bd3
a6 9. cxd5 exd5 10. O-O O-O 11. a3 Re8 12. Rc1 Ne4 13. Bxe7 Qxe7 14. b4 b5
15. Ne2 Ndf6 16. Ne5 Ng4 17. Nxg4 Bxg4 18. Bxe4 Qxe4 19. Ng3 Qg6 20. Qc2 Qg5
21. Rfe1 h5 22. Qxc5 h4 23. Nf1 Bf5 24. a4 Be4 25. Nd2 {necitelne} 0-1

[Event "POHÁR města Říčany 2021"]
[Site "Městské kulturní středisko U labutě"]
[Date "2021.08.22"]
[Round "3.30"]
[White "Chmelik, Ladislav"]
[Black "Skala, Jaromir"]
[Result "0-1"]
[WhiteElo "1732"]
[BlackElo "1887"]
[PlyCount "0"]
[EventDate "2021.08.21"]

1. d4 d6 2. Nf3 g6 3. e4 Bg7 4. Be3 Nd7 5. c3 e5 6. Qd2 Ne7 7. Bc4 O-O 8. Bh6
c5 9. Bxg7 Kxg7 10. O-O f5 11. exf5 Nxf5 12. Na3 a6 13. Rfe1 exd4 14. cxd4 Nf6
15. Ng5 d5 16. Bd3 Nxd4 17. Nc2 Nxc2 18. Qxc2 Qd6 19. Re3 c4 20. Bxc4 dxc4
21. Rae1 Nd5 22. Qd2 Bf5 23. Re5 Rad8 24. Rxf5 Rxf5 25. Ne6+ Kg8 26. Nxd8 Qxd8
27. g4 Qg5 28. Qd4 Rf8 29. Re5 Qc1+ 30. Kg2 Nf4+ 31. Kg3 Qg1+ 32. Kh4 Qxh2+ 0-1

[Event "POHÁR města Říčany 2021"]
[Site "Městské kulturní středisko U labutě"]
[Date "2021.08.22"]
[Round "3.31"]
[White "Vilimova, Julie"]
[Black "Kacirek, Pavel"]
[Result "1/2-1/2"]
[WhiteElo "1805"]
[BlackElo "1718"]
[PlyCount "0"]
[EventDate "2021.08.21"]

1. d4 d5 2. c4 e6 3. Nc3 c6 4. Nf3 f5 5. g4 fxg4 6. Ne5 Nf6 7. Bg5 Nbd7 8. e3
Qb6 9. Rb1 Bb4 10. Bd3 Qa5 11. O-O dxc4 12. Bxf6 gxf6 13. Nxc4 Qh5 14. Ne2 b5
15. Nd2 Bd6 16. Ng3 Qf7 17. Qxg4 f5 18. Qh5 Qxh5 19. Nxh5 Bb7 20. e4 Rg8+
21. Kh1 Rg5 22. Ng3 Bf4 23. Nf3 Rg8 24. Rfe1 Kf7 25. exf5 Rae8 26. fxe6+ Rxe6
27. Rxe6 Kxe6 28. Re1+ Kd6 29. Bxh7 Rh8 30. Bf5 c5 31. dxc5+ Nxc5 32. Rd1+ Kc7
33. Bg4 Rh4 34. Bf5 Rh8 35. b4 Rf8 36. Kg2 1/2-1/2

[Event "POHÁR města Říčany 2021"]
[Site "Městské kulturní středisko U labutě"]
[Date "2021.08.22"]
[Round "3.33"]
[White "Blazek, Miroslav"]
[Black "Cabart, Pavel"]
[Result "0-1"]
[WhiteElo "1801"]
[BlackElo "1700"]
[PlyCount "0"]
[EventDate "2021.08.21"]

1. c4 e5 2. Nc3 Nf6 3. g3 d5 4. cxd5 Nxd5 5. Bg2 Be6 6. d3 Nc6 7. Nf3 Be7
8. Bd2 O-O 9. O-O h6 10. a3 Qd7 11. b4 a6 12. Qc2 Bf6 13. Ne4 Be7 14. Nc5 Bxc5
15. Qxc5 Rad8 16. Rfc1 f5 17. b5 axb5 18. Qxb5 e4 19. Ne1 Nd4 20. Qxd7 Rxd7
21. Rcb1 Nxe2+ 22. Kf1 Nec3 23. Bxc3 Nxc3 24. dxe4 Nxb1 25. Rxb1 fxe4 26. Bxe4
b6 27. Kg2 Bd5 28. Rb4 Bxe4+ 29. Rxe4 Rd2 30. Nf3 Rd3 0-1

[Event "POHÁR města Říčany 2021"]
[Site "Městské kulturní středisko U labutě"]
[Date "2021.08.22"]
[Round "3.34"]
[White "Kleprlik, Jan"]
[Black "Kalvach, Ladislav"]
[Result "0-1"]
[WhiteElo "1533"]
[BlackElo "1771"]
[PlyCount "0"]
[EventDate "2021.08.21"]

1. d4 Nf6 2. Nf3 e6 3. g3 c5 4. b3 Nc6 5. Bb2 Ne4 6. c3 d5 7. Bg2 cxd4 8. Nxd4
Nxd4 9. Bxe4 dxe4 10. Qxd4 Qxd4 11. cxd4 Bd7 12. O-O Bc6 13. Nd2 {necitelne} 0-1

[Event "POHÁR města Říčany 2021"]
[Site "Městské kulturní středisko U labutě"]
[Date "2021.08.22"]
[Round "3.35"]
[White "Seidl, Jan"]
[Black "Tichy, Tomas"]
[Result "0-1"]
[WhiteElo "1768"]
[BlackElo "1513"]
[PlyCount "0"]
[EventDate "2021.08.21"]

1. b3 d5 2. Bb2 e6 3. Nf3 Nf6 4. e3 c5 5. c4 Nc6 6. d4 cxd4 7. exd4 Bb4+ 8. Bc3
Bxc3+ 9. Nxc3 O-O 10. Be2 Ne4 11. Nb1 Qa5+ 12. Nbd2 Nxd2 13. Qxd2 Qxd2+ 14. Kxd2
dxc4 15. bxc4 b6 16. Rab1 Rd8 17. Ke3 Ba6 18. Rhc1 Ne7 19. Bd3 Rac8 20. Rb4 Bb7
21. Be4 Bxe4 22. Kxe4 f5+ 23. Ke3 Nd5+ 24. cxd5 Rxc1 25. dxe6 Rc6 26. Kf4 Rxe6
27. Kxf5 Rf6+ 28. Ke4 Rg6 29. g3 Re6+ 30. Ne5 Rdd6 31. f4 a5 32. Ra4 b5 33. Rxa5
Rxd4+ 34. Kf3 Ra4 35. Rxb5 Rxa2 36. h4 Ra3+ 37. Kg4 0-1

[Event "POHÁR města Říčany 2021"]
[Site "Městské kulturní středisko U labutě"]
[Date "2021.08.23"]
[Round "4.1"]
[White "Svatos, Jan"]
[Black "Hajiyev, Kanan"]
[Result "1/2-1/2"]
[WhiteElo "2198"]
[BlackElo "2124"]
[PlyCount "0"]
[EventDate "2021.08.21"]

1. e4 c6 2. d4 d5 3. Nc3 dxe4 4. Nxe4 Bf5 5. Ng3 Bg6 6. Nf3 Nd7 7. h4 h6 8. h5
Bh7 9. Bd3 Bxd3 10. Qxd3 e6 11. Bd2 Ngf6 12. O-O-O Qb6 13. Be1 O-O-O 14. Kb1 Bd6
1/2-1/2

[Event "POHÁR města Říčany 2021"]
[Site "Městské kulturní středisko U labutě"]
[Date "2021.08.23"]
[Round "4.2"]
[White "Skypala, Ondrej"]
[Black "Vojta, Tomas"]
[Result "1-0"]
[WhiteElo "2158"]
[BlackElo "2312"]
[PlyCount "0"]
[EventDate "2021.08.21"]

1. c4 e5 2. Nf3 Nc6 3. Nc3 f5 4. d3 Nf6 5. g3 Bb4 6. Bd2 O-O 7. Bg2 d6 8. O-O
Kh8 9. a3 Bxc3 10. Bxc3 Qe7 11. b4 Bd7 12. b5 Nd8 13. Qc2 Rb8 14. Bb4 c5 15. Bc3
Qf7 16. e3 Qh5 17. Rae1 Nf7 18. Qb2 Rbe8 19. Nd2 Bc8 20. f4 Re7 21. Nf3 Rfe8
22. b6 a6 23. Nh4 Nh6 24. e4 fxe4 25. dxe4 Qf7 26. Rd1 Qxc4 27. Rxd6 Nxe4
28. Bxe4 Qxe4 29. Re1 Qa4 30. Bxe5 Ng4 31. Nf3 Kg8 32. Qc3 c4 33. Qd4 Nxe5
34. Rxe5 Rxe5 35. Nxe5 Be6 36. Rxe6 Rxe6 37. Qd5 Kf8 38. Nd7+ Ke7 39. Qxe6+ 1-0

[Event "POHÁR města Říčany 2021"]
[Site "Městské kulturní středisko U labutě"]
[Date "2021.08.23"]
[Round "4.3"]
[White "Petr, Jakub"]
[Black "Taborsky, Rostislav"]
[Result "1/2-1/2"]
[WhiteElo "2236"]
[BlackElo "2090"]
[PlyCount "0"]
[EventDate "2021.08.21"]

1. e4 c5 2. Nf3 e6 3. d4 cxd4 4. Nxd4 Nc6 5. Nc3 Qc7 6. g3 a6 7. Bg2 Nf6 8. O-O
Nxd4 9. Qxd4 Bc5 10. Bf4 d6 11. Qd2 h6 12. Rad1 e5 13. Be3 Be6 14. Bxc5 dxc5
15. Nd5 Bxd5 16. exd5 Qd6 17. f4 O-O 18. fxe5 Qxe5 19. d6 Qxb2 20. c4 Qxd2
21. Rxd2 Rab8 22. a4 Rfd8 23. Rb1 Nd7 24. Rxb7 Rxb7 25. Bxb7 Ne5 26. Rd5 Nxc4
27. Bxa6 Nxd6 28. a5 Kf8 29. Bf1 Nb7 30. Rxd8+ Nxd8 31. Bg2 Ne6 32. a6 Nc7
33. a7 Ke7 34. Kf2 Kd6 35. Ke3 c4 36. a8=Q Nxa8 37. Bxa8 Ke5 38. Bf3 f5 39. Be2
g5 40. Bxc4 f4+ 41. Kf2 fxg3+ 42. hxg3 g4 43. Bf7 Kf6 44. Be8 Kg5 45. Ke3 h5
46. Bxh5 Kxh5 47. Kf4 1/2-1/2

[Event "POHÁR města Říčany 2021"]
[Site "Městské kulturní středisko U labutě"]
[Date "2021.08.23"]
[Round "4.4"]
[White "Novotny, Martin"]
[Black "Vitak, Jiri"]
[Result "1/2-1/2"]
[WhiteElo "2097"]
[BlackElo "2221"]
[PlyCount "0"]
[EventDate "2021.08.21"]

1. d4 d5 2. c4 c6 3. Nf3 Nf6 4. Nc3 e6 5. e3 Nbd7 6. Qc2 Bd6 7. b3 O-O 8. Be2
b6 9. O-O Bb7 10. Bb2 Qe7 11. Rad1 Rad8 12. Rfe1 Rfe8 13. Bf1 Bb4 14. a3 Bd6
15. cxd5 exd5 16. b4 Ne4 17. g3 f5 18. b5 Nxc3 19. Qxc3 cxb5 20. Bxb5 a6
21. Bxd7 Qxd7 22. Qb3 b5 23. Bc3 Rc8 24. Bb4 Bb8 25. Bc5 Qc7 26. Rc1 1/2-1/2

[Event "POHÁR města Říčany 2021"]
[Site "Městské kulturní středisko U labutě"]
[Date "2021.08.23"]
[Round "4.5"]
[White "Jun, Rudolf"]
[Black "Hrdina, Robin"]
[Result "1/2-1/2"]
[WhiteElo "2090"]
[BlackElo "2192"]
[PlyCount "0"]
[EventDate "2021.08.21"]

1. e4 c5 2. Nf3 e6 3. c4 Nc6 4. Nc3 e5 5. d3 d6 6. Be3 Be7 7. Nd5 f5 8. exf5
Bxf5 9. Be2 Nf6 10. Nxf6+ Bxf6 11. Nd2 O-O 12. O-O Qe7 13. Ne4 Bxe4 14. dxe4 Nd4
15. g3 Qe6 16. b3 a6 17. Bg4 Qe7 18. Qd3 Rae8 19. Rae1 Qc7 20. Bxd4 cxd4 21. b4
Qb6 22. Rb1 Rf7 23. Rfc1 Bg5 24. Rc2 Ree7 25. Rb3 Kh8 26. Be2 Rf8 27. Bg4 a5
28. a3 Ref7 29. Kg2 Re7 30. Rcb2 a4 31. c5 Qd8 32. cxd6 Qxd6 33. h4 Bf6 34. Rc3
Bxh4 35. Rc5 Bf6 36. Rbc2 Rfe8 37. Rd5 Qb6 38. Rb5 Qa6 39. Rc7 1/2-1/2

[Event "POHÁR města Říčany 2021"]
[Site "Městské kulturní středisko U labutě"]
[Date "2021.08.23"]
[Round "4.6"]
[White "Stanek, Ondrej"]
[Black "Horak, Jan"]
[Result "1/2-1/2"]
[WhiteElo "2072"]
[BlackElo "2143"]
[PlyCount "0"]
[EventDate "2021.08.21"]

1. e4 e6 2. d4 d5 3. Nc3 Bb4 4. e5 c5 5. Bd2 Ne7 6. Nb5 Bxd2+ 7. Qxd2 O-O
8. Nf3 Nbc6 9. dxc5 Ng6 10. Qe3 Bd7 11. Nbd4 Qa5+ 12. c3 Qxc5 13. Bd3 Nxd4
14. cxd4 Qb4+ 15. Qd2 Qxd2+ 16. Kxd2 Ne7 17. Rac1 Rfc8 18. Rxc8+ Rxc8 19. Rc1
Rxc1 1/2-1/2

[Event "POHÁR města Říčany 2021"]
[Site "Městské kulturní středisko U labutě"]
[Date "2021.08.23"]
[Round "4.7"]
[White "Rut, Vojtech"]
[Black "Ocelak, Jakub"]
[Result "1-0"]
[WhiteElo "2061"]
[BlackElo "2102"]
[PlyCount "0"]
[EventDate "2021.08.21"]

1. d4 Nf6 2. Nf3 g6 3. g3 Bg7 4. Bg2 O-O 5. O-O d6 6. a4 Nc6 7. a5 e5 8. dxe5
dxe5 9. Qxd8 Rxd8 10. a6 e4 11. Ne1 Nd4 12. Nc3 bxa6 13. e3 Ne6 14. Nxe4 Nxe4
15. Bxe4 Rb8 16. Nd3 f5 17. Bg2 c5 18. Ra4 Bd7 19. Rxa6 c4 20. Ne1 Nc5 21. Rxa7
Be6 22. Rc7 Na4 23. Nf3 c3 24. b3 Nb6 25. Nd4 Bxd4 26. exd4 Nd5 27. Bxd5 Rxd5
28. Be3 Ra8 29. Rxc3 Ra2 30. Rc6 Bd7 31. Rc7 f4 32. Bxf4 Rxd4 33. Re1 Rd5
34. Re7 Ra1+ 35. Kg2 Rad1 36. c4 R5d3 37. Bh6 1-0

[Event "POHÁR města Říčany 2021"]
[Site "Městské kulturní středisko U labutě"]
[Date "2021.08.23"]
[Round "4.8"]
[White "Hollan, Petr"]
[Black "Vavrinec, Tomas"]
[Result "1-0"]
[WhiteElo "2318"]
[BlackElo "1875"]
[PlyCount "0"]
[EventDate "2021.08.21"]

1. e4 e6 2. d4 d5 3. Nc3 Bb4 4. e5 c5 5. a3 cxd4 6. axb4 dxc3 7. Qg4 Kf8 8. Nf3
Nd7 9. Bd3 Qc7 10. O-O Ne7 11. Re1 Nb6 12. bxc3 Qxc3 13. Be3 Qc7 14. Bc5 Kg8
15. Bd6 Qd7 16. Qg5 Ng6 17. Nd4 Nc4 18. Bxc4 dxc4 19. b5 h6 20. Qe3 b6 21. Ra4
Bb7 22. Rxc4 Rc8 23. Rxc8+ Qxc8 24. Ra1 1-0

[Event "POHÁR města Říčany 2021"]
[Site "Městské kulturní středisko U labutě"]
[Date "2021.08.23"]
[Round "4.9"]
[White "Pavlicek, Petr"]
[Black "Vojta, Jakub"]
[Result "0-1"]
[WhiteElo "1863"]
[BlackElo "2150"]
[PlyCount "0"]
[EventDate "2021.08.21"]

1. e4 c5 2. Nf3 Nc6 3. d4 cxd4 4. Nxd4 Nf6 5. Nc3 e5 6. Ndb5 d6 7. Bg5 a6
8. Na3 b5 9. Nd5 Be7 10. Bxf6 Bxf6 11. c4 b4 12. Nc2 O-O 13. g3 a5 14. Bg2 Bg5
15. O-O Be6 16. Qd3 Qb8 17. b3 Bd8 18. h3 Bb6 19. Nxb6 Qxb6 20. Qe3 Qc5 21. Rfd1
Rfd8 22. Rd2 Kf8 23. Rad1 Qxe3 24. Nxe3 Nd4 25. Nc2 Nxc2 26. Rxc2 a4 27. f4 axb3
28. axb3 f6 29. f5 Bf7 30. Kf2 Ra3 31. Rb2 Ke7 32. Bf3 Rda8 33. g4 Ra2 34. Rdd2
Rxb2 35. Rxb2 Kd7 36. Bd1 Kc6 37. Rd2 Ra1 38. Ke2 Kc5 39. Rd3 Ra2+ 40. Rd2 Rxd2+
41. Kxd2 Kd4 42. Bc2 Be8 43. Ke2 Bc6 44. Kf3 Kc3 45. Bd1 Kd2 46. Be2 Kc2 47. c5
Kxb3 48. cxd6 Kc2 49. Ke3 b3 50. Bd3+ Kc1 0-1

[Event "POHÁR města Říčany 2021"]
[Site "Městské kulturní středisko U labutě"]
[Date "2021.08.23"]
[Round "4.10"]
[White "Chval, Zdenek"]
[Black "Rousek, Jan"]
[Result "0-1"]
[WhiteElo "2147"]
[BlackElo "1745"]
[PlyCount "0"]
[EventDate "2021.08.21"]

1. d4 c5 2. d5 e5 3. e4 d6 4. Bd3 Be7 5. a4 Bg5 6. Nd2 Bxd2+ 7. Bxd2 Ne7 8. Qh5
Ng6 9. h4 Nd7 10. g3 Nf6 11. Qe2 h5 12. Nf3 Bg4 13. Bg5 Qb6 14. Bb5+ Nd7 15. a5
Qc7 16. O-O f6 17. Bd2 Ne7 18. Qe3 O-O 19. Kg2 f5 20. Ng5 fxe4 21. Qxe4 Nf6
22. Qd3 Bf5 23. Qb3 Ne4 24. Rad1 Kh8 25. Be1 Nxg5 26. hxg5 Qc8 27. Kh2 Bh3
28. Rh1 Bg4 29. Rd3 Be2 30. Rd2 Bf3 31. Rf1 h4 32. Be2 Bxe2 33. Rxe2 Qg4 34. f3
0-1

[Event "POHÁR města Říčany 2021"]
[Site "Městské kulturní středisko U labutě"]
[Date "2021.08.23"]
[Round "4.11"]
[White "Nentvich, Libor"]
[Black "Placer, Sebastian"]
[Result "0-1"]
[WhiteElo "1771"]
[BlackElo "2129"]
[PlyCount "0"]
[EventDate "2021.08.21"]

1. e4 e6 2. d3 d5 3. Nd2 Nf6 4. g3 c5 5. Ngf3 Nc6 6. Bg2 Be7 7. O-O O-O 8. Re1
Qc7 9. Nf1 dxe4 10. dxe4 Rd8 11. Qe2 Nd4 12. Qd3 e5 13. c4 Be6 14. Bg5 Nxf3+
15. Qxf3 Bxc4 16. Ne3 Be6 17. Nf5 Bxf5 18. Qxf5 Ne8 19. Be3 g6 20. Qf3 Ng7
21. Bf1 Ne6 22. Bc4 Kg7 23. h4 Bf8 24. h5 Qe7 25. h6+ Kg8 0-1

[Event "POHÁR města Říčany 2021"]
[Site "Městské kulturní středisko U labutě"]
[Date "2021.08.23"]
[Round "4.12"]
[White "Bezdek, Tomas"]
[Black "Aubrecht, Petr"]
[Result "1/2-1/2"]
[WhiteElo "1644"]
[BlackElo "2016"]
[PlyCount "0"]
[EventDate "2021.08.21"]

1. e4 c5 2. c3 d5 3. exd5 Qxd5 4. d4 e5 5. dxe5 Qxd1+ 6. Kxd1 Nc6 7. Nf3 Bg4
8. Bf4 O-O-O+ 9. Nd2 Nge7 10. h3 Bxf3+ 11. gxf3 Ng6 12. Be3 Ncxe5 13. Kc2 Nc6
14. h4 b6 15. Ne4 h6 16. Bh3+ Kc7 17. Rad1 Be7 18. h5 Nge5 19. Rhf1 Rxd1
20. Kxd1 Rd8+ 21. Ke2 Bf8 22. f4 Nc4 23. b3 Nxe3 24. fxe3 Re8 25. Kf3 Nd8
26. Rd1 Ne6 27. f5 Ng5+ 28. Nxg5 hxg5 29. f6 Rd8 30. Rxd8 Kxd8 31. fxg7 Bxg7
32. Kg4 1/2-1/2

[Event "POHÁR města Říčany 2021"]
[Site "Městské kulturní středisko U labutě"]
[Date "2021.08.23"]
[Round "4.13"]
[White "Elias, Jakub"]
[Black "Strnad, Michael"]
[Result "1/2-1/2"]
[WhiteElo "1982"]
[BlackElo "1868"]
[PlyCount "0"]
[EventDate "2021.08.21"]

1. e4 c5 2. Nf3 g6 3. d4 cxd4 4. Nxd4 Bg7 5. Be3 Nc6 6. c4 Nf6 7. Nc3 d6 8. Be2
Bd7 9. O-O O-O 10. f3 Nxd4 11. Bxd4 Bc6 12. b4 b6 13. Qd2 a5 14. a3 axb4
15. axb4 Qc7 16. Qb2 h5 17. Rfc1 Rxa1 18. Rxa1 h4 19. Ra6 Rb8 20. Qa1 Nh5
21. Bxg7 Nxg7 22. Ra7 Rb7 23. Ra8+ Rb8 24. Qa7 Qxa7 25. Rxa7 Kf8 26. b5 Bb7
27. Na4 Bc8 28. Nxb6 Rxb6 29. Ra8 Ke8 30. c5 dxc5 31. Rxc8+ Kd7 32. Rxc5 Ne6
33. Rd5+ Kc7 34. g3 hxg3 35. hxg3 Rd6 36. Rxd6 Kxd6 37. Bc4 Nd4 38. Kf2 f6
39. Bd3 Kc5 40. Ke3 Nxb5 41. e5 Nd4 42. exf6 exf6 43. Bxg6 Ne6 44. Ke4 Kd6
45. Kf5 Ke7 46. Bh5 Ng7+ 47. Kg6 Ne6 48. f4 Nf8+ 49. Kf5 Ne6 1/2-1/2

[Event "POHÁR města Říčany 2021"]
[Site "Městské kulturní středisko U labutě"]
[Date "2021.08.23"]
[Round "4.14"]
[White "Cermak, Jan"]
[Black "Pejrimovsky, Tadeas Rubel"]
[Result "1-0"]
[WhiteElo "1938"]
[BlackElo "1532"]
[PlyCount "0"]
[EventDate "2021.08.21"]

1. e4 c5 2. Nf3 e6 3. c3 d5 4. exd5 exd5 5. d4 Nc6 6. Bb5 Bg4 7. O-O cxd4
8. Qa4 Qb6 9. Nxd4 Bd7 10. Re1+ Be7 11. Bg5 f6 12. Bf4 O-O-O 13. Ne6 Bxe6
14. Rxe6 Kd7 15. Re1 a6 16. Bxc6+ Qxc6 17. Qd1 h5 18. Qd3 Bd6 19. Nd2 Kc7
20. Bxd6+ Qxd6 1-0

[Event "POHÁR města Říčany 2021"]
[Site "Městské kulturní středisko U labutě"]
[Date "2021.08.23"]
[Round "4.15"]
[White "Jankovsky, Zbynek"]
[Black "Voracek, Zdenek"]
[Result "0-1"]
[WhiteElo "1564"]
[BlackElo "1935"]
[PlyCount "0"]
[EventDate "2021.08.21"]

1. e4 Nf6 2. e5 Nd5 3. c4 Nb6 4. d4 d6 5. exd6 cxd6 6. Nf3 Bg4 7. b3 e6 8. Be2
Nc6 9. O-O Be7 10. Bb2 Bf6 11. h3 Bxf3 12. Bxf3 O-O 13. a3 a5 14. Ra2 d5 15. c5
Nc8 16. Qd3 b6 17. Bd1 Qe7 18. cxb6 Qb7 19. Nd2 Qxb6 20. Nf3 Nd6 21. Ne5 Ra7
22. Bc2 g6 23. Rc1 Rc8 24. Qg3 Nb4 25. Bxg6 fxg6 26. axb4 Ne4 27. Qf3 Qxb4
28. Ra4 Qb8 29. Ra3 Bxe5 30. Rxc8+ Qxc8 31. dxe5 Rf7 32. Qe3 Rxf2 33. Qc1 Rc2
0-1

[Event "POHÁR města Říčany 2021"]
[Site "Městské kulturní středisko U labutě"]
[Date "2021.08.23"]
[Round "4.16"]
[White "Pressler, Tobias"]
[Black "Blumel, Otto"]
[Result "0-1"]
[WhiteElo "1772"]
[BlackElo "1965"]
[PlyCount "0"]
[EventDate "2021.08.21"]

1. d4 e5 2. dxe5 Nc6 3. Nc3 Nxe5 4. Bf4 Ng6 5. Bg3 Bb4 6. Qd4 Qe7 7. O-O-O Nf6
8. Nb5 O-O 9. Nxc7 Bc5 10. Qc4 d5 11. Qb3 Be6 12. Nxe6 fxe6 13. Nf3 Ne4 14. e3
Bd6 15. Nd2 Nxf2 16. Bxf2 Rxf2 17. Bb5 Rc8 18. c3 Bc5 19. Rhe1 Qg5 20. Bd7 Rd8
21. Bxe6+ Kh8 22. Nf1 Rxf1 23. Rxf1 Qxe3+ 24. Kb1 Qxe6 25. Rde1 Qc6 26. g3 Ne7
27. Qc2 Ng8 28. b4 Be7 29. Kb2 Bf6 30. Qd3 Rc8 31. Rf3 Qa4 32. Qxd5 Rxc3
33. Rxc3 Qxb4+ 34. Qb3 Bxc3+ 0-1

[Event "POHÁR města Říčany 2021"]
[Site "Městské kulturní středisko U labutě"]
[Date "2021.08.23"]
[Round "4.17"]
[White "Hejsek, Lukas"]
[Black "Rucabado, Stefan"]
[Result "1-0"]
[WhiteElo "1906"]
[BlackElo "1549"]
[PlyCount "0"]
[EventDate "2021.08.21"]

1. d4 Nf6 2. Nf3 g6 3. g3 Bg7 4. Bg2 O-O 5. c4 d6 6. O-O Nc6 7. d5 Na5 8. Nbd2
c6 9. e4 cxd5 10. cxd5 Qb6 11. Rb1 Qa6 12. Re1 Bd7 13. b4 Nc4 14. Bf1 b5
15. Nxc4 bxc4 16. a3 Rfc8 17. Nd4 Rab8 18. Bb2 Qb6 19. Bc3 Qa6 20. a4 Qxa4
21. Qxa4 Bxa4 22. Ra1 Bb5 23. Rxa7 Kf8 24. Nxb5 Rxb5 25. Bxc4 Rxc4 26. Ra8+ Ne8
27. Bxg7+ Kxg7 28. Rxe8 Rbxb4 29. Rxe7 Kf8 30. Rd7 Ke8 31. Rxd6 Rxe4 32. Re3 Rd4
33. Rf3 f5 34. Ra3 Ra4 35. Re6+ Kd7 36. Rxe4 Rxa3 37. Rd4 Kd6 38. Kg2 Ra5
39. Rh4 Ra7 40. Rd4 Ra5 41. Kh3 Rxd5 42. Rh4 h5 43. Ra4 Ke7 44. Kh4 Rd6 45. Kg5
Kf7 46. Ra7+ Kf8 47. f4 Re6 48. Kh6 h4 49. gxh4 1-0

[Event "POHÁR města Říčany 2021"]
[Site "Městské kulturní středisko U labutě"]
[Date "2021.08.23"]
[Round "4.18"]
[White "Chval, Zdenek"]
[Black "Holub, Adam"]
[Result "1/2-1/2"]
[WhiteElo "1846"]
[BlackElo "1754"]
[PlyCount "0"]
[EventDate "2021.08.21"]

1. e4 e5 2. Nf3 Nc6 3. Bb5 f5 4. d3 fxe4 5. dxe4 Bb4+ 6. c3 Bc5 7. Bg5 Nf6
8. Nbd2 O-O 9. O-O d6 10. h3 Be6 11. Qe2 Qe8 12. Bc4 Kh8 13. Nh4 Bxc4 14. Nxc4
a6 15. Bxf6 Rxf6 16. Nf5 Ne7 17. Nxe7 Qxe7 18. Rad1 Raf8 19. Ne3 Rg6 20. Kh1 Qg5
21. g3 Bxe3 22. Qxe3 Qxe3 1/2-1/2